[Event "Chesterfield SPICE Cup op"]
[Site "Chesterfield"]
[Date "2023.12.18"]
[Round "2"]
[White "Rorrer, Grayson"]
[Black "Quesada Perez, Yasser"]
[Result "1/2-1/2"]
[WhiteElo "2361"]
[BlackElo "2578"]
[PlyCount "36"]
[EventDate "2023.12.17"]
[EventType "swiss"]
[EventRounds "9"]
[EventCountry "USA"]
[SourceTitle "CB52_2023"]
[SourceDate "2023.12.27"]
[SourceVersion "1"]
[SourceVersionDate "2023.12.27"]
[SourceQuality "1"]

1. d4 Nf6 2. c4 e6 3. g3 d5 4. Bg2 dxc4 5. Nf3 a6 6. 0-0 Nc6 7. Bg5 Be7 8. e3 Rb8 9. Qc1 e5 10. dxe5 Nd7 11. e6 Bxg5 12. Nxg5 Qxg5 13. exd7+ Bxd7 14. Qxc4 Qb5 15. Qxb5 axb5 16. Nc3 Ne5 17. Rfd1 c6 18. a4 bxa4 1/2-1/2

[Event "Budapest Vezerkepzo Autumn GM"]
[Site "Budapest"]
[Date "2023.10.22"]
[Round "4"]
[White "Rorrer, Grayson"]
[Black "Kushko, Dmitriy"]
[Result "1-0"]
[WhiteElo "2288"]
[BlackElo "2426"]
[PlyCount "93"]
[EventDate "2023.10.19"]
[EventType "tourn"]
[EventRounds "9"]
[EventCountry "HUN"]
[EventCategory "6"]
[SourceTitle "Mega2024 Update 01"]
[Source "Chessbase"]
[SourceDate "2023.11.12"]
[SourceVersion "1"]
[SourceVersionDate "2023.11.12"]
[SourceQuality "1"]

1. e4 c6 2. d4 d5 3. Nd2 dxe4 4. Nxe4 Nf6 5. Nxf6+ exf6 6. c3 Bd6 7. Bd3 0-0 8. Qc2 Re8+ 9. Ne2 h5 10. Be3 Nd7 11. 0-0 h4 12. h3 Nf8 13. c4 Bd7 14. Rad1 Rc8 15. Nc3 Bb8 16. d5 Bxh3 17. gxh3 Qd6 18. Kg2 Qh2+ 19. Kf3 Nd7 20. Rde1 Qxh3+ 21. Ke2 Qg4+ 22. Kd2 Ne5 23. Kc1 cxd5 24. cxd5 Nxd3+ 25. Qxd3 Be5 26. Kb1 h3 27. Rg1 Qh5 28. d6 Rcd8 29. Ne4 h2 30. Rh1 Qf5 31. Rd1 b6 32. Bc1 Re6 33. f3 g5 34. a3 Kg7 35. Ka2 Kg6 36. Qe2 Ree8 37. Qg2 Qe6+ 38. Kb1 Qf5 39. Ka1 b5 40. Bd2 Rd7 41. Bc3 Rh8 42. Bxe5 Qxe5 43. f4 Qxf4 44. Rdf1 Qe5 45. Rxf6+ Kg7 46. Qg4 Rb7 47. Rf5 1-0

[Event "Budapest Vezerkepzo Autumn GM"]
[Site "Budapest"]
[Date "2023.10.19"]
[Round "1"]
[White "Jobava, Baadur"]
[Black "Rorrer, Grayson"]
[Result "0-1"]
[WhiteElo "2581"]
[BlackElo "2288"]
[PlyCount "82"]
[EventDate "2023.10.19"]
[EventType "tourn"]
[EventRounds "9"]
[EventCountry "HUN"]
[EventCategory "6"]
[SourceTitle "Mega2024 Update 01"]
[Source "Chessbase"]
[SourceDate "2023.11.12"]
[SourceVersion "1"]
[SourceVersionDate "2023.11.12"]
[SourceQuality "1"]

1. d4 Nf6 2. Bg5 d5 3. Bxf6 exf6 4. e3 Bd6 5. g3 0-0 6. Bg2 c6 7. Nd2 Be6 8. Ne2 f5 9. 0-0 Nd7 10. Rc1 Nf6 11. c4 dxc4 12. Nxc4 Bc7 13. a3 Qe7 14. Qc2 g6 15. Rb1 f4 16. Nxf4 Bxf4 17. gxf4 Bf5 18. Qe2 Bxb1 19. Rxb1 Rfd8 20. Bf3 Nd5 21. Ne5 Kg7 22. Kh1 Rac8 23. Nd3 b6 24. Rg1 c5 25. dxc5 bxc5 26. Ne5 f6 27. Nc4 Nb6 28. b3 Rc7 29. h4 Qd7 30. Kg2 Qd3 31. Na5 Qc3 32. Qb5 Rd2 33. Kg3 Qb2 34. Rg2 Qxa3 35. h5 Rd8 36. Nc6 Rd2 37. Nxa7 Qxa7 38. Qe8 Rc8 39. Qe6 Rf8 40. hxg6 hxg6 41. Rh2 Rdd8 0-1

[Event "Budapest FS10 GM"]
[Site "Budapest"]
[Date "2023.10.11"]
[Round "5"]
[White "Rorrer, Grayson"]
[Black "Neverov, Valeriy"]
[Result "1-0"]
[WhiteElo "2288"]
[BlackElo "2387"]
[PlyCount "83"]
[EventDate "2023.10.07"]
[EventType "tourn"]
[EventRounds "9"]
[EventCountry "HUN"]
[EventCategory "6"]
[SourceTitle "Mega2024 Update 01"]
[Source "Chessbase"]
[SourceDate "2023.11.12"]
[SourceVersion "1"]
[SourceVersionDate "2023.11.12"]
[SourceQuality "1"]

1. e4 c5 2. Nf3 d6 3. d4 cxd4 4. Nxd4 Nf6 5. Nc3 g6 6. Bd3 a6 7. f3 Bg7 8. Be3 Nbd7 9. Qd2 b5 10. a4 b4 11. Na2 a5 12. c3 bxc3 13. Nxc3 Bb7 14. Bb5 0-0 15. Nc6 Bxc6 16. Bxc6 Rc8 17. Bb5 Nb6 18. Bd4 d5 19. Rd1 Qc7 20. e5 Ne8 21. Bxb6 Qxb6 22. Nxd5 Qe6 23. f4 Nd6 24. Be2 Nc4 25. Qd4 Nxe5 26. fxe5 Bxe5 27. Qb6 Bd6 28. Qe3 Rc2 29. b3 Bc5 30. Qd3 Rb2 31. Rd2 Rxd2 32. Kxd2 Qe5 33. Rc1 Bd6 34. Rc4 Rd8 35. Kc2 Qxh2 36. Bf3 Kg7 37. Qc3+ Be5 38. Qxa5 Rd6 39. Qe1 Bf6 40. Nxf6 Rxf6 41. Qc3 e5 42. Rc6 1-0

[Event "Naperville Shamkovich Memorial"]
[Site "Naperville"]
[Date "2023.06.01"]
[Round "2"]
[White "Rorrer, Grayson"]
[Black "Putnam, Liam H"]
[Result "1-0"]
[WhiteElo "2263"]
[BlackElo "2292"]
[PlyCount "112"]
[EventDate "2023.05.31"]
[EventType "tourn"]
[EventRounds "9"]
[EventCountry "USA"]
[EventCategory "1"]
[SourceTitle "CBM 214 Extra"]
[Source "ChessBase"]
[SourceDate "2023.07.31"]
[SourceVersion "1"]
[SourceVersionDate "2023.07.31"]
[SourceQuality "1"]

1. d4 Nf6 2. c4 e6 3. g3 c5 4. d5 exd5 5. cxd5 d6 6. Nc3 g6 7. Bg2 Bg7 8. Nf3 0-0 9. 0-0 Re8 10. Bf4 h6 11. Re1 a6 12. e4 g5 13. Bxd6 g4 14. e5 gxf3 15. exf6 Rxe1+ 16. Qxe1 Bxf6 17. Bxb8 fxg2 18. Bf4 Bh3 19. Bxh6 Kh7 20. Be3 Bxc3 21. Qxc3 Qxd5 22. Qf6 Kg8 23. Qh6 Qe6 24. Qg5+ Qg6 25. Qxc5 Rd8 26. Qe7 Rd5 27. Qh4 Qh7 28. Bh6 Qf5 29. Be3 Qd7 30. Re1 Re5 31. Rc1 Rd5 32. Re1 Re5 33. Qc4 Qf5 34. Rd1 Re8 35. Qd5 Qxd5 36. Rxd5 f5 37. Rd6 Kg7 38. Rd4 Re4 39. Rd7+ Kg6 40. Rxb7 Re6 41. Rb6 Kf6 42. f3 Rxb6 43. Bxb6 Ke5 44. Kf2 Kd5 45. Ke2 a5 46. Bg1 Kc4 47. Ke3 a4 48. Bf2 Kb4 49. Kf4 a3 50. bxa3+ Kxa3 51. Bg1 Kxa2 52. g4 fxg4 53. fxg4 Kb3 54. Kg3 Bxg4 55. Kxg4 Kc4 56. h4 Kd5 1-0

[Event "Titled Tuesday intern op 09th May Late"]
[Site "Chess.com INT"]
[Date "2023.05.09"]
[Round "11"]
[White "Rios Escobar, Adan"]
[Black "Rorrer, Grayson"]
[Result "1-0"]
[WhiteElo "2234"]
[BlackElo "2263"]
[PlyCount "227"]
[EventDate "2023.05.09"]
[EventType "swiss (blitz)"]
[EventRounds "11"]
[EventCountry "USA"]
[SourceTitle "CBM 214 Extra"]
[Source "ChessBase"]
[SourceDate "2023.07.31"]
[SourceVersion "1"]
[SourceVersionDate "2023.07.31"]
[SourceQuality "1"]

1. d4 Nf6 2. g3 d5 3. Bg2 Bf5 4. Nf3 e6 5. c4 c6 6. 0-0 h6 7. Nc3 Bd6 8. Qb3 Qb6 9. c5 Qxb3 10. axb3 Bc7 11. b4 Nbd7 12. b5 Ke7 13. Bf4 Bxf4 14. gxf4 Rhc8 15. e3 b6 16. bxc6 Rxc6 17. Ne5 Nxe5 18. fxe5 Nd7 19. e4 dxe4 20. Nxe4 Rc7 21. Nd6 Rb8 22. Nxf5+ exf5 23. d5 Rxc5 24. Rxa7 Ke8 25. e6 fxe6 26. dxe6 Nf8 27. Rxg7 Re5 28. Bc6+ Kd8 29. Rd1+ Kc8 30. Bd7+ Kb7 31. e7 Nxd7 32. Rxd7+ Kc6 33. Rd8 Rxe7 34. Rg6+ Kc7 35. Rxb8 Kxb8 36. Rxb6+ Kc7 37. Rxh6 Re1+ 38. Kg2 Rb1 39. Rh7+ Kd6 40. Rf7 Rxb2 41. Rxf5 Ke6 42. Rf3 Rb4 43. Kg3 Rb8 44. h4 Rg8+ 45. Kh3 Rh8 46. Kg4 Rg8+ 47. Kh3 Rh8 48. Rf4 Ke5 49. Rf7 Ke6 50. Rg7 Kf6 51. Rg4 Kf5 52. Kg3 Ra8 53. Rg5+ Kf6 54. Rc5 Ra3+ 55. f3 Kg6 56. Rb5 Kh6 57. Kg4 Ra4+ 58. f4 Ra1 59. Rb6+ Kg7 60. Kg5 Ra5+ 61. f5 Ra1 62. Rb7+ Kf8 63. h5 Kg8 64. Kg6 Rg1+ 65. Kf6 Rh1 66. Kg6 Rg1+ 67. Kh6 Rf1 68. Rg7+ Kf8 69. Rg5 Kf7 70. Kh7 Kf6 71. Rg6+ Kf7 72. Rg5 Kf6 73. Rg8 Rh1 74. h6 Kf7 75. Rg7+ Kf6 76. Rg8 Kf7 77. Ra8 Rh5 78. Ra5 Kf6 79. Rb5 Kf7 80. Rc5 Kf6 81. Kg8 Rg5+ 82. Kf8 Rh5 83. h7 Rxh7 84. Rc6+ Kxf5 85. Rc5+ Kf6 86. Rc6+ Kf5 87. Rc5+ Ke6 88. Rc6+ Kd7 89. Ra6 Rh1 90. Ra7+ Ke6 91. Ra6+ Kf5 92. Ra5+ Kg6 93. Ra6+ Kg5 94. Ra5+ Kf6 95. Ra6+ Kf5 96. Ra5+ Kg4 97. Ra4+ Kf3 98. Ra3+ Ke4 99. Ra4+ Ke3 100. Kf7 Rf1+ 101. Ke6 Kd3 102. Kd5 Kc3 103. Ra3+ Kb4 104. Rh3 Rf8 105. Rh6 Kb5 106. Rh5 Rc8 107. Kd4+ Kb4 108. Kd3 Rc3+ 109. Kd2 Rc4 110. Rh8 Rg4 111. Rb8+ Kc4 112. Ra8 Rg2+ 113. Ke3 Rg4 114. Ra4+ 1-0

[Event "Titled Tuesday intern op 09th May Late"]
[Site "Chess.com INT"]
[Date "2023.05.09"]
[Round "6"]
[White "Rorrer, Grayson"]
[Black "Sreyas, Payyappat"]
[Result "1-0"]
[WhiteElo "2263"]
[BlackElo "2076"]
[PlyCount "101"]
[EventDate "2023.05.09"]
[EventType "swiss (blitz)"]
[EventRounds "11"]
[EventCountry "USA"]
[SourceTitle "CBM 214 Extra"]
[Source "ChessBase"]
[SourceDate "2023.07.31"]
[SourceVersion "1"]
[SourceVersionDate "2023.07.31"]
[SourceQuality "1"]

1. b3 e5 2. Bb2 Nc6 3. e3 d5 4. Bb5 Bd6 5. f4 Qe7 6. Nc3 Nf6 7. fxe5 Bxe5 8. Nf3 Bg4 9. 0-0 0-0 10. Qe1 Bd6 11. Bxc6 bxc6 12. Nd4 c5 13. Nf5 Bxf5 14. Rxf5 d4 15. exd4 cxd4 16. Nb5 c5 17. Qxe7 Bxe7 18. Re1 Bd8 19. Ba3 a6 20. Nd6 Bc7 21. Nc4 Rfe8 22. Ref1 Ng4 23. h3 Nh6 24. Rxc5 Bg3 25. Rg5 Bh4 26. Rd5 Re4 27. Bb2 Rae8 28. Rxd4 Rxd4 29. Bxd4 Re2 30. Be3 g6 31. Bxh6 f5 32. Be3 Kf7 33. Ne5+ Ke6 34. Nf3 Bg3 35. Nd4+ Kd5 36. Nxe2 Be5 37. Nc3+ Kc6 38. d4 Bf6 39. Rd1 Kd6 40. Bf4+ Kd7 41. Ne2 Be7 42. d5 Bc5+ 43. Kf1 a5 44. c4 Ke7 45. d6+ Kd7 46. Nc3 Bb4 47. Na4 Bc5 48. Nxc5+ Kc6 49. d7 h6 50. d8Q g5 51. Qd6# 1-0

[Event "Los Angeles 1000GM Spring op"]
[Site "Los Angeles"]
[Date "2023.03.17"]
[Round "1"]
[White "Zhou, Jianchao"]
[Black "Rorrer, Grayson"]
[Result "1-0"]
[WhiteElo "2550"]
[BlackElo "2292"]
[PlyCount "39"]
[EventDate "2023.03.17"]
[EventType "swiss"]
[EventRounds "9"]
[EventCountry "USA"]
[SourceTitle "CBM 213 Extra"]
[Source "ChessBase"]
[SourceDate "2023.05.31"]
[SourceVersion "1"]
[SourceVersionDate "2023.05.31"]
[SourceQuality "1"]

1. d4 Nf6 2. c4 e6 3. Nf3 d5 4. Nc3 h6 5. e3 Be7 6. Bd3 0-0 7. 0-0 c5 8. cxd5 cxd4 9. exd4 Nxd5 10. Re1 Nc6 11. a3 Re8 12. Bc2 Bf8 13. Qd3 g6 14. h4 Bg7 15. h5 g5 16. Qh7+ Kf8 17. Nxd5 exd5 18. Bd2 Rxe1+ 19. Rxe1 a5 20. Bxg5 1-0